| 000 | 00754cam a2200277 4500 | ||
|---|---|---|---|
| 001 | 787856 | ||
| 003 | OSt | ||
| 005 | 20140310182054.0 | ||
| 008 | 740212s1974 nyua 000 0aeng | ||
| 010 | _a 74002125 | ||
| 020 | _a0440204321 | ||
| 040 |
_aDLC _cDLC _dDLC _dOCoLC _dDLC |
||
| 050 | 0 | 0 |
_aTL 540 _b.B27 1962 |
| 082 | 0 | 0 |
_aHS 387.709274 _b.B12 1974 |
| 100 | 1 | _aBach, Richard. | |
| 245 | 1 | 2 |
_aA gift of wings. _cIllustrated by K. O. Eckland. |
| 260 |
_aNew York, _bDell, _cc1974. |
||
| 300 |
_a299 p. _bill, ; _c17 cm. |
||
| 500 | _a"An Eleanor Friede book." | ||
| 541 | _j1 | ||
| 562 | _e | ||
| 600 | 1 | 0 | _aBach, Richard. |
| 650 | 0 |
_aBach, Richard. _912307 |
|
| 906 |
_a7 _bcbc _corignew _d1 _eocip _f19 _gy-gencatlg |
||
| 942 |
_2lcc _cHS |
||
| 999 |
_c9065 _d9065 |
||